Educación emocional para familias y docentes (Record no. 207600)

MARC details
000 -CABECERA
campo de control de longitud fija 01504cab a2200289 ab4500
005 - FECHA Y HORA DE LA ÚLTIMA TRANSACCIÓN
campo de control 20250828141158.0
008 - ELEMENTOS DE LONGITUD FIJA--INFORMACIÓN GENERAL
campo de control de longitud fija 991125c2016 mx qr p o 000 0 spa d
035 ## - NÚMERO DE CONTROL DEL SISTEMA
Número de control de sistema UPN01000235505
040 ## - FUENTE DE LA CATALOGACIÓN
Centro catalogador/agencia de origen MX-MxUPN
Lengua de catalogación spa
Centro/agencia transcriptor MX-MxUPN
Normas de descripción aacr2
049 ## - COLECCIÓN
Colección ART-E
100 1# - ASIENTO PRINCIPAL--NOMBRE PERSONAL
Nombre de persona Rueda, Pilar
Enlace - p.rueda@pip.udl.cat
100 1# - ASIENTO PRINCIPAL--NOMBRE PERSONAL
Nombre de persona Filella, Gemma
245 10 - MENCIÓN DE TÍTULO
Título Educación emocional para familias y docentes
Medio [recurso electrónico en línea]
506 0# - NOTA DE RESTRICCIONES AL ACCESO
Limitaciones de acceso Acceso abierto
520 3# - NOTA DE RESUMEN, ETC.
Sumario, etc. Existen varios motivos que inducen a pensar en la necesidad de un programa de Educación Emocional conjunto familia y escuela. En el artículo se presenta la situación actual de la Educación Emocional en el Sistema Educativo, las cinco competencias emocionales, principios y consejos prácticos para ponerla en práctica en familia. Las emociones nos humanizan; será maravilloso cuando podamos controlarlas en sus excesos y disfrutarlas plenamente cuando llegan sus momentos. Ésta es la clave de la Educación Emocional. Padres y maestros
650 #4 - ASIENTO SECUNDARIO DE MATERIA - TERMINO TEMATICO
Término de materia o nombre geográfico como elemento de entrada Educación emocional
9 (RLIN) 11882
653 0# - TERMINO DE INDIZACION - NO CONTROLADO
Término no controlado Competencias emocionales
653 0# - TERMINO DE INDIZACION - NO CONTROLADO
Término no controlado Desarrollo emocional
653 0# - TERMINO DE INDIZACION - NO CONTROLADO
Término no controlado Familia
653 0# - TERMINO DE INDIZACION - NO CONTROLADO
Término no controlado Docentes
773 ## - ENLACE AL DOCUMENTO FUENTE/ENTRADA DE REGISTRO ANFITRIÓN
Parte(s) relacionada(s) No. 368, (2016), p. 30-35
Título Revista padres y maestros 
Número Internacional Normalizado para Publicaciones Seriadas 2255-1042
856 4# - LOCALIZACIÓN Y ACCESO ELECTRÓNICOS
Identificador Uniforme del Recurso <a href="https://revistas.comillas.edu/index.php/padresymaestros/article/view/7519/7343">https://revistas.comillas.edu/index.php/padresymaestros/article/view/7519/7343</a>
856 4# - LOCALIZACIÓN Y ACCESO ELECTRÓNICOS
Identificador Uniforme del Recurso <a href="https://doi.org/10.14422/pym.i368.y2016.005">https://doi.org/10.14422/pym.i368.y2016.005</a>
902 ## - ELEMENTOS DE DATOS B LOCAL, LDB (RLIN)
Creó Leonor Sotres/280825
905 ## - TIPO DE MATERIAL
Tipo de material Articulo
942 ## - ELEMENTOS DE PUNTO DE ACCESO ADICIONAL (KOHA)
Tipo de ítem Koha Artículo Electrónico
Holdings
Estado de retiro Estado de pérdida Estado dañado No para préstamo Código de colección Localización permanente Ubicación/localización actual Ubicación en estantería Fecha de adquisición Total de préstamos Fecha visto por última vez Identificador Uniforme del Recurso Precio válido a partir de Tipo de ítem Koha
        Acceso abierto Bib. Gregorio Torres Quintero Bib. Gregorio Torres Quintero En línea 28/08/2025   28/08/2025 https://doi.org/10.14422/pym.i368.y2016.005 28/08/2025 Artículo Electrónico